Ciencia y método científico. Epistemología jurídica. Un proyecto de investigación en historia.
Saved in:
| Hovedforfatter: | |
|---|---|
| Andre forfattere: | , , |
| Format: | Bog |
| Sprog: | engelsk |
| Udgivet: |
Santiago, Chile:
Pontificia Universidad Católica de Chile; Dirección de Investigación. Vicerrectoría Académica (DIUC),
1980.
|
| Fag: | |
| Tags: |
Tilføj Tag
Ingen Tags, Vær først til at tagge denne postø!
|
MARC
| LEADER | 00000nam a22000007a 4500 | ||
|---|---|---|---|
| 003 | CL-VaPUC | ||
| 005 | 20220822114445.0 | ||
| 008 | 220329t1980 ||||| |||| 00| 0 eng d | ||
| 999 | |c 435195 |d 435193 | ||
| 040 | |c Pontificia Universidad Católica de Valparaíso | ||
| 082 | |a 001.42 ROD 1980 |2 22 | ||
| 100 | |a Rodríguez Leiva, Manuel |9 316448 |e autor | ||
| 245 | |a Ciencia y método científico. |b Epistemología jurídica. Un proyecto de investigación en historia. | ||
| 260 | |a Santiago, Chile: |b Pontificia Universidad Católica de Chile; |b Dirección de Investigación. Vicerrectoría Académica (DIUC), |c 1980. | ||
| 300 | |a 71 páginas. | ||
| 500 | |a c.1 Donación Familia Prof. Alejandro Guzmán Brito. | ||
| 583 | |c 20220329 |k Yessy Stephany Diaz Vidal | ||
| 650 | 0 | |a Método científico |9 337193 | |
| 650 | 0 | |a Metodología de la investigación |9 581661 |x Ciencias | |
| 650 | 0 | |a Metodología de la investigación |9 581661 |x Derecho | |
| 650 | 0 | |a Metodología de la investigación |9 581661 |x Historia | |
| 700 | |a Cea Egaña, José Luis |9 295032 |e autor | ||
| 700 | |a Krebs Wilckens, Ricardo |9 588021 |e autor | ||
| 700 | |a Ruz S., José |9 867796 |e editor | ||
| 942 | |2 ddc |c BK |n 0 | ||
| 952 | |0 0 |1 0 |2 ddc |4 0 |6 001_420000000000000_ROD_1980 |7 0 |8 C_AGB |9 582241 |a BIBDER |b BIBDER |d 2022-03-29 |e Donación |i 5650454 |o 001.42 ROD 1980 |p 5650454 |r 2023-01-25 |t 1 |w 2022-03-29 |y BK_US |k AGB | ||